| 000 | 00490nam a22001817a 4500 | ||
|---|---|---|---|
| 003 | OSt | ||
| 005 | 20160425134755.0 | ||
| 008 | 160425b xxu||||| |||| 00| 0 eng d | ||
| 040 | _c040a | ||
| 082 |
_a530 _bWIL 1969 |
||
| 100 |
_aWilliam, George A. _98228 |
||
| 245 |
_aElementary physics : _batoms, waves , particles |
||
| 260 |
_aNew York _bMcGraw-Hill _c1969 |
||
| 300 |
_axiv, 474p; _bill : _c12 cm |
||
| 504 | _aIncludes index | ||
| 650 |
_aElementary physics _98229 |
||
| 942 |
_2ddc _cSLOAN |
||
| 999 |
_c3724 _d3724 |
||